Globalizace a polycentrismus ve světové ekonomice

Základné tendencie vývoja súčasnej svetovej ekonomiky, ich interakcia. Riziko absolutizácie jednej z tendencií. Triáda svetovej ekonomiky. Relatívna váha centier a hlavných krajín vo svetovej ekonomike na prelome 90. rokov. Globalizácia a polycentrizmus vo svetovej ekonomike vo vzťahu k Českej repub...

Descrizione completa

Salvato in:
Dettagli Bibliografici
Autore principale: Foltýn, Jaroslav
Natura: Capitolo di libro
Lingua:ceco
Soggetti:
Tags: Aggiungi Tag
Nessun Tag, puoi essere il primo ad aggiungerne!!

MARC

LEADER 00000naa a2200000 4500
001 r033821
005 20230927115928.5
041 0 |a cze 
044 |a CZ 
245 1 0 |a Globalizace a polycentrismus ve světové ekonomice  |c Jaroslav Foltýn 
520 |a Základné tendencie vývoja súčasnej svetovej ekonomiky, ich interakcia. Riziko absolutizácie jednej z tendencií. Triáda svetovej ekonomiky. Relatívna váha centier a hlavných krajín vo svetovej ekonomike na prelome 90. rokov. Globalizácia a polycentrizmus vo svetovej ekonomike vo vzťahu k Českej republike. 
610 2 0 |a globalizácia hospodárstva 
610 2 0 |a hospodárstvo svetové 
610 2 0 |a vývoj hospodársky 
610 2 0 |a rozvoj vedeckotechnický 
610 2 0 |a Česko 
100 1 |a Foltýn, Jaroslav